000 00395 a2200157 4500
005 20250425150214.0
020 _a0-471-61337-1
082 _a657.45 KEL
100 _aKELL, W. G.
245 _aModern Auditing.
250 _a4th Ed.
260 _aNew York,
_bJohn Wiley,
_c1980.
300 _axx, 892p.: ill.; figure
_bIndex
_c24cm
700 _aBOYNTON, W.C. & ZIEGLER, R. E.
942 _2ddc
_cBKS
999 _c1673
_d1673